Iniciación a la meteorología y la climatología
Uloženo v:
| Hlavní autor: | |
|---|---|
| Médium: | Kniha |
| Jazyk: | španělština |
| Vydáno: |
Madrid
Mundi-Prensa
2000
|
| Témata: | |
| Tagy: |
Přidat tag
Žádné tagy, Buďte první, kdo vytvoří štítek k tomuto záznamu!
|
MARC
| LEADER | 00000nam a2200000 a 4500 | ||
|---|---|---|---|
| 001 | UCL7133 | ||
| 003 | CL-VaPUC | ||
| 008 | 040507e20000000SP |||||||||||||||||spa|d | ||
| 020 | |a 8471148692 | ||
| 082 | 0 | 4 | |a 551.5 |b FUE |2 21 |
| 100 | 0 | |a Fuentes y Yagüe, José Luis |e author |9 484922 | |
| 245 | 1 | 0 | |a Iniciación a la meteorología y la climatología |
| 300 | |a 222 p | ||
| 942 | |c BK | ||
| 945 | |d 20040507 00:00:00 |a cmena | ||
| 260 | |a Madrid |b Mundi-Prensa |c 2000 | ||
| 650 | 7 | |a METEOROLOGIA |2 CL-VaPUC |9 260030 | |
| 650 | 0 | |a Atmósfera |9 261875 | |
| 650 | 7 | |a RADIACION SOLAR |2 CL-VaPUC |9 350685 | |
| 650 | 7 | |a TEMPERATURA |2 CL-VaPUC |9 484923 | |
| 650 | 0 | |a Climatología |9 262302 | |
| 583 | |a last modification |c 20040507 00:00:00 |k Rodrigo Vera | ||
| 999 | |c 308988 |d 308986 | ||
| 952 | |0 0 |1 0 |4 0 |6 551_500000000000000_FUE_2000 |7 0 |8 A |9 376025 |a BIBAGR |b BIBAGR |d 2019-11-21 |i 4013824 |o 551.5 FUE 2000 |p 4013824 |r 2025-01-20 |w 2019-11-21 |y BK |k AGR | ||
| 952 | |0 0 |1 0 |4 0 |6 551_500000000000000_FUE_2000 |7 0 |8 A |9 376026 |a BIBING |b BIBING |d 2019-11-21 |i 4429346 |l 4 |m 1 |o 551.5 FUE 2000 |p 4429346 |r 2025-01-20 |s 2024-03-07 |w 2019-11-21 |y BK |k GEO | ||